000 00582cam a22002051 4500
001 000018751
005 20200929165843.0
008 720411s1964 mau 000 1 eng
010 _a64015045
035 _a(OCoLC)281004
040 _aDO-SdBNP
_cODaWU
_dOCoLC
_dDLC
042 _apremarc
050 0 0 _aPZ4.C154
_bEx
_aPS3553.A4
100 1 _aCalisher, Hortense.
_911598
245 1 0 _aExtreme magic, :
_ba novella and other stories.
250 _a[1st ed.]
260 _aBoston, :
_bLittle, Brown,
_c[1964].
300 _a260 p. ;
_c21 cm.
910 _aCatalogación derivada / LC
999 _c18271
_d18271